00439nam a2200133 a 4500008004100000050001400041110006800055245004500123260008300168300000900251350000900260650001000269650002600279110523s1975 ||||||||||||||||| || u aCOMM (02) aCommonwealth regional centre for advanced studies in youth work10aMagazine of the Africa centre, no 1,1975 aLusaka:bCommonwealth regional centre for advanced studies in youth workc1975 a72p. a0.00 aYOUTH aYOUTH--SOCIAL ASPECTS